| 000 | 00962nam a22002297a 4500 | ||
|---|---|---|---|
| 999 |
_c12029 _d12029 |
||
| 003 | AR-CdUCM | ||
| 008 | 190405b ||||| |||| 00| 0 spa d | ||
| 040 |
_aMUNICIPALIDAD PROVINCIAL DEL CUSCO _cBIBLIOTECA MUNICIPAL DEL CUSCO |
||
| 082 |
_a708.85 / _bZ67 / 1950 |
||
| 110 |
_aInstituto de investigaciones de arte Peruano y Americano _929620 |
||
| 245 | _aZepita templo de San Pedro y San Pablo : | ||
| 260 |
_aLima : _bPublicaciones del instituto de investigaciones e arte Peruano y americano, _c1950. |
||
| 300 |
_a42 paginas ; _bIlustraciones, _c28 cm. |
||
| 440 |
_aDocumentos del arte Peruano _nXII _929682 |
||
| 505 | _aContenido : Ubicación geográfica -- Historial de Zepita -- Templo de San Pedro y San Pablo -- La magnifica portada plateresca -- Portada secundaria... | ||
| 650 |
_aReligión _91195 |
||
| 650 |
_aZepita _929683 |
||
| 650 |
_aSan Pedro _929684 |
||
| 650 |
_aSan Pablo _929685 |
||
| 942 |
_2ddc _cLIBROS |
||
| 945 |
_awnts _d2019-04-05 |
||